Les plus gros transferts du football - Saison 2018-2019 - Statistiques

Statistiques générales
  • Ce quiz a été pris 177 fois
  • Le résultat moyen est 8 sur 10
Statistiques - réponses
Montant de transfert (M €) Nationalité Venant de Allant à Joueur % Correct
180,00 France AS Monaco Paris SG Kylian Mbappé
100%
117,00 Portugal Real Madrid Juventus Turin Cristiano Ronaldo
99%
67,80 Algerie Leicester City Manchester City Riyad Mahrez
89%
72,00 France AS Monaco Atlético Madrid Thomas Lemar
86%
64,00 États-Unis Borussia Dortmund Chelsea Christian Pulisic
82%
62,50 Brésil AS Roma Liverpool Alisson
74%
80,00 Espagne Athletic Chelsea Kepa Arrizabalaga
68%
60,00 Guinée RB Leipzig Liverpool Naby Keïta
67%
59,00 Brésil Shakhtar D. Manchester United Fred
57%
57,00 Brésil / Italie Napoli Chelsea Jorginho
54%
Aucun quiz correspondant
Distribution des résultats
% des personnes avec chaque résultat
Percentile par nombre de réponses
Votre historique - résultats
Vous n’avez pas pris ce quiz